| 000 | 00738nam a2200205Ia 4500 | ||
|---|---|---|---|
| 003 | GCL | ||
| 008 | 140319s9999 xx 000 0 ara d | ||
| 040 |
_aGCL / _cGCL |
||
| 082 | 0 | 4 |
_aق _b726.1 _bهـ ق |
| 100 | 1 | _aهيئة الاثار المصرية | |
| 245 | 1 | 0 |
_aجامع عمرو بن العاص / _cهيئة الاثار المصرية |
| 260 |
_aالقاهرة : _bهيئة الاثار المصرية ، _c1986 |
||
| 300 |
_aمتعدد ؛ _c24 سم |
||
| 490 |
_aالقاهرة الاسلامية _v0 |
||
| 650 | 0 | 4 | _aالعصر المملوكى |
| 650 | 0 | 4 | _aالاثار الاسلامية |
| 650 | 0 | 4 | _aالمساجد |
| 650 | 0 | 4 | _aالعالم العربى - تاريخ - العصر العثمانى |
| 942 |
_2ddc _cBK |
||
| 999 |
_c58658 _d58658 |
||